[Event "Hampstead op U2200 09"]
[Site "Hampstead"]
[Date "2013.09.29"]
[Round "4"]
[White "Larios, Rafael"]
[Black "Millward, David J"]
[Result "1-0"]
[WhiteElo "1610"]
[BlackElo "1928"]
[PlyCount "65"]
[EventDate "2013.09.28"]
[EventType "swiss"]
[EventRounds "5"]
[EventCountry "ENG"]
[SourceTitle "EXT 2015"]
[Source "ChessBase"]
[SourceDate "2014.11.20"]
[SourceVersion "1"]
[SourceVersionDate "2014.11.20"]
[SourceQuality "1"]

1. e4 e5 2. Nf3 Nc6 3. Nc3 Nf6 4. Bb5 d6 5. d3 Bd7 6. Ne2 Be7 7. 0-0 0-0 8. c3 a6 9. Ba4 b5 10. Bc2 Re8 11. Ng3 Bf8 12. Bg5 h6 13. Bh4 g5 14. Nxg5 hxg5 15. Bxg5 Be7 16. Nf5 Bxf5 17. exf5 Nh7 18. Be3 Bf6 19. Qg4+ Kh8 20. Qh5 Qe7 21. Bb3 Nd8 22. Rae1 Rg8 23. f4 Qf8 24. fxe5 dxe5 25. Bd5 c6 26. Be4 Qg7 27. h3 Rc8 28. Re2 Nb7 29. Rf3 Nd6 30. Bh6 Nxe4 31. Bxg7+ Rxg7 32. Rxe4 Rcg8 33. Rg4 1-0

[Event "Hampstead op U2200 09"]
[Site "Hampstead"]
[Date "2013.09.28"]
[Round "1"]
[White "Pepe, Salvatore"]
[Black "Larios, Rafael"]
[Result "1-0"]
[WhiteElo "1906"]
[BlackElo "1610"]
[PlyCount "51"]
[EventDate "2013.09.28"]
[EventType "swiss"]
[EventRounds "5"]
[EventCountry "ENG"]
[SourceTitle "EXT 2015"]
[Source "ChessBase"]
[SourceDate "2014.11.20"]
[SourceVersion "1"]
[SourceVersionDate "2014.11.20"]
[SourceQuality "1"]

1. d4 f5 2. g3 Nf6 3. Bg2 g6 4. c4 Bg7 5. Nc3 0-0 6. e3 d6 7. Nf3 c6 8. 0-0 Nbd7 9. d5 e5 10. Ng5 Nb6 11. dxc6 e4 12. cxb7 Bxb7 13. Ne6 Qe7 14. Nxf8 Rxf8 15. b3 Nbd7 16. Ba3 Nc5 17. Bxc5 dxc5 18. Qc2 Ng4 19. Rad1 Ne5 20. Nd5 Qf7 21. f3 Bh6 22. fxe4 Bxd5 23. Rxd5 Bxe3+ 24. Kh1 Bd4 25. exf5 gxf5 26. Rxe5 1-0

[Event "Hampstead op U2200 09"]
[Site "Hampstead"]
[Date "2013.09.28"]
[Round "3"]
[White "Tomy, Jeff"]
[Black "Larios, Rafael"]
[Result "0-1"]
[WhiteElo "1378"]
[BlackElo "1610"]
[PlyCount "58"]
[EventDate "2013.09.28"]
[EventType "swiss"]
[EventRounds "5"]
[EventCountry "ENG"]
[SourceTitle "EXT 2015"]
[Source "ChessBase"]
[SourceDate "2014.11.20"]
[SourceVersion "1"]
[SourceVersionDate "2014.11.20"]
[SourceQuality "1"]

1. e4 c5 2. Nf3 g6 3. c3 Bg7 4. Bd3 Nc6 5. Bc2 Nf6 6. 0-0 0-0 7. d4 cxd4 8. cxd4 d6 9. h3 Nb4 10. e5 Nxc2 11. Qxc2 Bf5 12. Qd1 dxe5 13. dxe5 Ne4 14. Bf4 Qb6 15. Qe2 h5 16. b3 Rac8 17. Nbd2 Rc2 18. Rfc1 Rfc8 19. Be3 Rxc1+ 20. Rxc1 Rxc1+ 21. Nf1 Qc7 22. Bxc1 Qxc1 23. a4 g5 24. Nd4 Bg6 25. Nb5 a6 26. Nc7 Qxc7 27. f3 Qc5+ 28. Kh2 Nc3 29. Qc2 Bxc2 0-1

[Event "Hampstead op U2200 02"]
[Site "Hampstead"]
[Date "2013.02.16"]
[Round "3"]
[White "Larios, Rafael"]
[Black "Pyper, Ramsay"]
[Result "0-1"]
[WhiteElo "1600"]
[BlackElo "1794"]
[PlyCount "44"]
[EventDate "2013.02.16"]
[EventType "swiss"]
[EventRounds "5"]
[EventCountry "ENG"]
[SourceTitle "EXT 2014"]
[Source "ChessBase"]
[SourceDate "2013.11.20"]
[SourceVersion "1"]
[SourceVersionDate "2013.11.20"]
[SourceQuality "1"]

1. e4 c5 2. Nc3 Nc6 3. f4 g6 4. Nf3 Bg7 5. Bb5 Nh6 6. d3 0-0 7. Bxc6 bxc6 8. h3 d5 9. 0-0 Rb8 10. Qe1 Ba6 11. Ne5 Qd6 12. Rb1 f5 13. exf5 Nxf5 14. Ne2 c4 15. g4 cxd3 16. cxd3 Bxe5 17. fxe5 Qc5+ 18. Kh1 Bxd3 19. Ra1 Bxe2 20. Rxf5 Bf3+ 21. Rxf3 Rxf3 22. Bg5 Rxb2 0-1